Plánovanie peňažných tokov
Globálna kríza a dôležitosť témy likvidity a dostatku peňažných prostriedkov z interných zdrojov. Časové dimenzie plánovania hotovosti. Dlhodobé plánovanie hotovosti. Krátkodobé plánovanie hotovosti. Výzvy v plánovacom procese.
Uložené v:
| Hlavný autor: | |
|---|---|
| Médium: | Kapitola |
| Jazyk: | Slovak |
| Predmet: | |
| Tagy: |
Žiadne tagy, Buďte prvý, kto otaguje tento záznam!
|
MARC
| LEADER | 00000naa a2200000 4500 | ||
|---|---|---|---|
| 001 | 0176688 | ||
| 005 | 20231005092242.4 | ||
| 041 | 0 | |a slo | |
| 044 | |a SK | ||
| 245 | 1 | 0 | |a Plánovanie peňažných tokov |c Peter Krištofík |
| 520 | |a Globálna kríza a dôležitosť témy likvidity a dostatku peňažných prostriedkov z interných zdrojov. Časové dimenzie plánovania hotovosti. Dlhodobé plánovanie hotovosti. Krátkodobé plánovanie hotovosti. Výzvy v plánovacom procese. | ||
| 610 | 2 | 0 | |a financie podnikové |
| 610 | 2 | 0 | |a plánovanie |
| 610 | 2 | 0 | |a plán finančný |
| 610 | 2 | 0 | |a cash flow |
| 610 | 2 | 0 | |a likvidita podniku |
| 610 | 2 | 0 | |a príjmy |
| 610 | 2 | 0 | |a výdavky |
| 100 | 1 | |a Krištofík, Peter | |